| 000 | 00413nam a2200157Ia 4500 | ||
|---|---|---|---|
| 008 | 230524s9999 xx 000 0 und d | ||
| 020 | _a9788184888171 | ||
| 082 |
_a519.502461 _bSUR |
||
| 100 | _aRao K. Surya | ||
| 245 | 0 | _aBiostatistics For Health and Life Sciences | |
| 250 | _a1 | ||
| 260 |
_aNew Delhi _bHimalaya Publishing House _c2010 |
||
| 300 | _a580p; | ||
| 500 | _aQuantity Number: 10 | ||
| 942 | _cBK | ||
| 999 |
_c60624 _d60624 |
||